| 000 | nam a22 7a 4500 | ||
|---|---|---|---|
| 999 |
_c28106 _d28106 |
||
| 008 | 170214b xxu||||| |||| 00| 0 eng d | ||
| 020 | _a9780130461239 | ||
| 050 | _aREF QM 25 .M286 2002 | ||
| 100 | _aMartini, Frederic H. | ||
| 245 |
_aMartini's Atlas of the Human Body/ _cFrederic H. Martini, William C. Ober, Claire W. Garrison, Kathleen Welch, Ralph T. Hutchings |
||
| 260 |
_aSan Francisco, _bBenjamin Cummings, _c2002. |
||
| 300 |
_aiv,123p.: _bill.; _c27cm. |
||
| 700 | _aOber, William C. | ||
| 700 | _aGarrison, Claire W. | ||
| 700 | _aWelch, Kathleen | ||
| 700 | _aHutchings, Ralph T. | ||
| 942 |
_2lcc _cREF_BOOK _hREF QM 25 .M286 2002 |
||